| 000 | 00562nam a2200193Ia 4500 | ||
|---|---|---|---|
| 005 | 20250508164858.0 | ||
| 008 | 008 250505s9999 xx 000 0 eng d | ||
| 037 | _aDissertations | ||
| 040 |
_aFEDL _beng _cFEDL |
||
| 041 |
_aeng _2eng |
||
| 084 |
_a370, KHA/DI _qFEDL |
||
| 100 |
_aKhanna Monica _9779411 |
||
| 245 | 0 | _aChoice of teaching as a career: Exploring socio-demographic factors | |
| 260 | _c2004 | ||
| 300 | _a87p. | ||
| 546 | _aM. Ed. Dissertation (Delhi University) | ||
| 942 |
_cDIS _h370, KHA/DI |
||
| 999 |
_c1391756 _d1391756 |
||